000 01445nam a2200277Ia 4500
999 _c36625
_d36625
001 2545
003 GE_BSU
005 20221003151520.0
008 181216s2011||||ge |||||||||||||| ||geo||
020 _a9789941916793
040 _cGE_BSU
041 _ageo
080 _a342(9479.22) ს–32
245 _aქართული კონსტიტუციონალიზმის სათავეებთან-საქართველოს 1921 წლის კონსტიტუციის 90 წლისთავი :
_b[სამეცნ. კონფერენციის მასალები] /
_cრედ. სალომე ქურასბედიანი.
264 _aბათუმი :
_bგრაალი,
_c2011.
300 _a199 გვ.
_b20 სმ.
504 _aბიბლიოგრ. ტექსტის შენიშვნ.
520 _a რეზ. ინგლ.
541 _h7 ლ.
653 _aსაქართველოს 1921 წლის კონსტიტუცია.
700 _aდემეტრაშვილი, ავთანდილ
_914974
700 _aმაცაბერიძე, მალხაზ
_91009
700 _aსიორიძე, მალხაზ და სხვ.
_eავტორი
_95898
700 _aქურასბედიანი, სალომე
_eრედაქტორი
_914975
942 _cBK
_2udc